The mortality, sufferings and diseases of grinders /

Bibliographic Details
Main Author: Holland, G. C. (George Calvert), 1801-1865
Format: eBook
Language:English
Published: Sheffield : Ridge and Jackson, 1842
Series:Making of the modern world (Goldsmiths'-Kress Library of Economic Literature)
Subjects:
Online Access:Connect to the full text of this electronic book

MARC

Tag First Indicator Second Indicator Subfields
LEADER 00000cam a2200000Ia 4500
001 in00002297613
005 20190326192819.0
006 m | d |
007 cr |n||||||||n
008 890127s1842 xx s 000 0 eng d
010 |a nuc87543689  
040 |a ResP  |c GKR  |d RQM  |d Thomson Gale  |d UtOrBLW 
043 |a e-uk--- 
050 1 4 |a HB161  |b .G64 no. 32998.7 
082 0 4 |a 330  |b G62 
100 1 |a Holland, G. C.  |q (George Calvert),  |d 1801-1865. 
245 1 4 |a The mortality, sufferings and diseases of grinders /  |c by G. Calvert Holland. 
264 1 |a Sheffield :  |b Ridge and Jackson,  |c 1842 
264 3 |a Sheffield :  |b G. Ridge 
300 |a 47 pages ;  |c 23 cm. 
336 |a text  |b txt  |2 rdacontent 
337 |a computer  |b c  |2 rdamedia 
338 |a online resource  |b cr  |2 rdacarrier 
500 |a Part II: Pen-blade grinders. 
500 |a Errata slip precedes text. 
500 |a Reproduction of original from Kress Library of Business and Economics, Harvard University. 
500 |a Goldsmiths'-Kress number 32998.7. 
510 4 |a OCLC,  |c 19076297 
533 |a Electronic reproduction.  |b Farmington Hills, Mich. :  |c Thomson Gale,  |d 2005.  |f (The making of the modern world).  |n Available via the World Wide Web.  |n Access limited to licensing agreements.  |7 s2005 miunns 
500 |a Electronic resource. 
650 0 |a Metal-workers  |z Great Britain  |x Diseases and hygiene. 
650 0 |a Wages  |x Metal-workers  |z Great Britain. 
655 0 |a Electronic books. 
830 0 |a Making of the modern world (Goldsmiths'-Kress Library of Economic Literature) 
856 4 0 |u http://proxy.library.tamu.edu/login?url=http://galenet.galegroup.com/servlet/MOME?af=RN&ae=U106182479&srchtp=a&ste=14&locID=txshracd2898  |z Connect to the full text of this electronic book  |t 0 
999 |a MARS 
999 f f |s 9edb8064-cb4b-36b7-a7d3-91e58d6c7a0f  |i 957b353b-8638-3a52-b701-0676f3555ede  |t 0 
952 f f |a Texas A&M University  |b College Station  |c Electronic Resources  |d Available Online  |t 0  |e HB161 .G64 no. 32998.7  |h Library of Congress classification 
998 f f |a HB161 .G64 no. 32998.7  |t 0  |l Available Online